After capital / (Record no. 2443)

MARC details
000 -LEADER
fixed length control field 02566nam a22004457a 4500
005 - DATE AND TIME OF LATEST TRANSACTION
control field 20251215140000.0
008 - FIXED-LENGTH DATA ELEMENTS--GENERAL INFORMATION
fixed length control field 251215b |||||||| |||| 00| 0 eng d
020 ## - INTERNATIONAL STANDARD BOOK NUMBER
International Standard Book Number 9781526450128
Qualifying information hardcover
020 ## - INTERNATIONAL STANDARD BOOK NUMBER
International Standard Book Number 1526450127
Qualifying information hardcover
020 ## - INTERNATIONAL STANDARD BOOK NUMBER
International Standard Book Number 1526450135
Qualifying information paperback
020 ## - INTERNATIONAL STANDARD BOOK NUMBER
International Standard Book Number 9781526450135
Qualifying information paperback
040 ## - CATALOGING SOURCE
Original cataloging agency YDX
Language of cataloging eng
Transcribing agency YDX
Description conventions rda
Modifying agency KMU
050 00 - LIBRARY OF CONGRESS CALL NUMBER
Classification number HB501
100 1# - MAIN ENTRY--PERSONAL NAME
Personal name Venn, Couze,
Relator term author.
245 10 - TITLE STATEMENT
Title After capital /
Statement of responsibility, etc. Couze Venn.
264 #1 - PRODUCTION, PUBLICATION, DISTRIBUTION, MANUFACTURE, AND COPYRIGHT NOTICE
Place of production, publication, distribution, manufacture London ;
-- Thousand Oaks, California :
Name of producer, publisher, distributor, manufacturer SAGE Publications Ltd,
Date of production, publication, distribution, manufacture, or copyright notice 2018.
264 #4 - PRODUCTION, PUBLICATION, DISTRIBUTION, MANUFACTURE, AND COPYRIGHT NOTICE
Date of production, publication, distribution, manufacture, or copyright notice ©2018
300 ## - PHYSICAL DESCRIPTION
Extent xii, 172 pages ;
Dimensions 24 cm.
336 ## - CONTENT TYPE
Content type term text
Content type code txt
Source rdacontent
337 ## - MEDIA TYPE
Media type term unmediated
Media type code n
Source rdamedia
338 ## - CARRIER TYPE
Carrier type term volume
Carrier type code nc
Source rdacarrier
490 1# - SERIES STATEMENT
Series statement Theory, culture & society
504 ## - BIBLIOGRAPHY, ETC. NOTE
Bibliography, etc. note Includes bibliographical references (pages 144-156) and index.
505 0# - FORMATTED CONTENTS NOTE
Formatted contents note Introduction: the state of the world: convergent crises -- New mechanisms of dispossession: property, inequality and the debt of society -- In the shadow of tipping points: the political economy of climate change -- Colonialism, dispossession and capitalist accumulation: a decolonial history of the present -- From liberalism to neoliberalism: a dissident genealogy -- Towards a world in common -- New foundations for postcapitalist worlds.
520 ## - SUMMARY, ETC.
Summary, etc. "After Capital traces the history of our present to show that the confluence of crises affecting the economy, climate change, resource depletion, the destruction of environments and increasing inequalities is inherent in capitalism. Venn takes the reader from liberalism to neoliberalism to identify private accumulation, dispossessions, subjugations and the model of ceaseless growth at the root of crises. The book proposes postcapitalist societies founded in the politics and ethics of a democratic and ecologiaclly grounded Commons"--
Assigning source Back cover.
650 #0 - SUBJECT ADDED ENTRY--TOPICAL TERM
Topical term or geographic name entry element Capitalism.
650 #0 - SUBJECT ADDED ENTRY--TOPICAL TERM
Topical term or geographic name entry element Capitalism
General subdivision Social aspects.
650 #7 - SUBJECT ADDED ENTRY--TOPICAL TERM
Topical term or geographic name entry element Capitalism.
Source of heading or term fast
Authority record control number or standard number (OCoLC)fst00846425
650 #7 - SUBJECT ADDED ENTRY--TOPICAL TERM
Topical term or geographic name entry element Capitalism
General subdivision Social aspects.
Source of heading or term fast
Authority record control number or standard number (OCoLC)fst00846453
650 #7 - SUBJECT ADDED ENTRY--TOPICAL TERM
Topical term or geographic name entry element Neoliberalismus
Source of heading or term gnd
650 #7 - SUBJECT ADDED ENTRY--TOPICAL TERM
Topical term or geographic name entry element Soziale Ungleichheit
Source of heading or term gnd
650 #7 - SUBJECT ADDED ENTRY--TOPICAL TERM
Topical term or geographic name entry element Erschöpfbare Ressourcen
Source of heading or term gnd
650 #7 - SUBJECT ADDED ENTRY--TOPICAL TERM
Topical term or geographic name entry element Wirtschaftskrise
Source of heading or term gnd
650 #7 - SUBJECT ADDED ENTRY--TOPICAL TERM
Topical term or geographic name entry element Kapitalismus
Source of heading or term gnd
650 #7 - SUBJECT ADDED ENTRY--TOPICAL TERM
Topical term or geographic name entry element Umweltkrise
Source of heading or term gnd
830 #0 - SERIES ADDED ENTRY--UNIFORM TITLE
Uniform title Theory, culture & society (Unnumbered)
906 ## - LOCAL DATA ELEMENT F, LDF (RLIN)
a 7
b cbc
c copycat
d 2
e ncip
f 20
g y-gencatlg
942 ## - ADDED ENTRY ELEMENTS (KOHA)
Source of classification or shelving scheme Library of Congress Classification
Koha item type Non-Fiction
Suppress in OPAC No
Holdings
Withdrawn status Lost status Source of classification or shelving scheme Damaged status Not for loan Collection Home library Current library Shelving location Date acquired Source of acquisition Total Checkouts Full call number Barcode Date last seen Price effective from Koha item type
    Library of Congress Classification     Non-fiction Kapasa Makasa University Kapasa Makasa University Open Access 15.12.2025 ZLS   HB 501 Ven 301331 15.12.2025 15.12.2025 Non-Fiction
    Library of Congress Classification     Non-fiction Kapasa Makasa University Kapasa Makasa University Open Access 15.12.2025 ZLS   HB 501 Ven 301330 15.12.2025 15.12.2025 Non-Fiction